01003nam a2200205 i 4500001000700000003000900007005001700016008004100033130002300074245027700097260004900374300003800423530003500461650003000496700004300526700003700569700003400606852006800640856008900708154202ES-MaACL20250727053337.0931025s1771 sp |||| | spa d0 aFuero de Castilla.13aEl Fuero Viejo de Castilla b: sacado y comprobado con el exemplar de la misma obra, que existe en la Real Biblioteca de esta Corte, y con otros mss. / cpublicanlo con notas historicas y legales ... D. Ignacio Jordan de Asso y del Rio y D. Miguel de Manuel y Rodriguez... aMadrid : bpor D. Joachin Ibarra..., c1771. a[4], LVI, 143 p. ; cFol. (32 cm) aDisponible en formato digital.04aFueros-zCastilla (Reino)1 aAsso y del Río, Ignacio Jordán de.1 aManuel y Rodríguez, Miguel de.1 aIbarra, Joaquín,d1725-1785 aES-MaACLjR-102 z- Enc. pasta española x Olim:B-820 uhttp://bdh-rd.bne.es/viewer.vm?id=0000118147&page=1 zBiblioteca Digital Hispánica